| 000 -LEADER |
| fixed length control field |
01276nam a22003617a 4500 |
| 001 - CONTROL NUMBER |
| control field |
708975 |
| 003 - CONTROL NUMBER IDENTIFIER |
| control field |
OSt |
| 005 - DATE AND TIME OF LATEST TRANSACTION |
| control field |
20210422051841.0 |
| 008 - FIXED-LENGTH DATA ELEMENTS--GENERAL INFORMATION |
| fixed length control field |
970613s1997 ilua b 001 0 eng |
| 010 ## - LIBRARY OF CONGRESS CONTROL NUMBER |
| LC control number |
97023808 |
| 020 ## - INTERNATIONAL STANDARD BOOK NUMBER |
| International Standard Book Number |
0944496512 (pbk. : alk. paper) |
| 040 ## - CATALOGING SOURCE |
| Original cataloging agency |
eng |
| Transcribing agency |
DLC |
| Modifying agency |
eng |
| Language of cataloging |
eng |
| 041 ## - LANGUAGE CODE |
| Language code of text/sound track or separate title |
eng |
| 050 00 - LIBRARY OF CONGRESS CALL NUMBER |
| Classification number |
RA394 |
| Item number |
.W353 1997 |
| 080 ## - UNIVERSAL DECIMAL CLASSIFICATION NUMBER |
| Universal Decimal Classification number |
614 |
| Item number |
W-20 |
| 082 00 - DEWEY DECIMAL CLASSIFICATION NUMBER |
| Classification number |
362.1/068/5 |
| Edition number |
21 |
| 100 1# - MAIN ENTRY--PERSONAL NAME |
| Personal name |
Wall, Deborah K. |
| 245 10 - TITLE STATEMENT |
| Title |
Quality management 2000 : |
| Remainder of title |
preparing the quality improvement professional for the future / |
| Statement of responsibility, etc. |
/ by: Precept Press |
| 246 3# - VARYING FORM OF TITLE |
| Title proper/short title |
Quality management two thousand |
| 260 ## - PUBLICATION, DISTRIBUTION, ETC. |
| Place of publication, distribution, etc. |
Chicago : |
| Name of publisher, distributor, etc. |
Precept Press, |
| Date of publication, distribution, etc. |
c1997. |
| 300 ## - PHYSICAL DESCRIPTION |
| Extent |
vii, 189 p. : |
| Other physical details |
ill. ; |
| Dimensions |
26 cm. |
| 365 ## - TRADE PRICE |
| Price amount |
40 usd |
| 504 ## - BIBLIOGRAPHY, ETC. NOTE |
| Bibliography, etc. note |
Includes bibliographical references (p. 181-183) and index. |
| 650 #0 - SUBJECT ADDED ENTRY--TOPICAL TERM |
| Topical term or geographic name entry element |
Medical care |
| General subdivision |
Quality control. |
| 650 #0 - SUBJECT ADDED ENTRY--TOPICAL TERM |
| Topical term or geographic name entry element |
Public Health |
| 9 (RLIN) |
337 |
| 650 #0 - SUBJECT ADDED ENTRY--TOPICAL TERM |
| Topical term or geographic name entry element |
Medical care |
| General subdivision |
Evaluation. |
| 650 #0 - SUBJECT ADDED ENTRY--TOPICAL TERM |
| Topical term or geographic name entry element |
Health services administration. |
| 653 ## - INDEX TERM--UNCONTROLLED |
| Uncontrolled term |
საზოგადოებრივი ჯანდაცვა |
| 700 1# - ADDED ENTRY--PERSONAL NAME |
| Personal name |
Proyect, Mitchell M. |
| 906 ## - LOCAL DATA ELEMENT F, LDF (RLIN) |
| a |
7 |
| b |
cbc |
| c |
orignew |
| d |
1 |
| e |
ocip |
| f |
19 |
| g |
y-gencatlg |
| 942 ## - ADDED ENTRY ELEMENTS (KOHA) |
| Source of classification or shelving scheme |
|
| Koha item type |
Books |